Dispute over EU income claims (Record no. 69841)
[ view plain ]
| 000 -LEADER | |
|---|---|
| fixed length control field | 00884cam a2200229 4500 |
| 001 - CONTROL NUMBER | |
| control field | WB3812-12 |
| 008 - FIXED-LENGTH DATA ELEMENTS--GENERAL INFORMATION | |
| fixed length control field | 020326n2002 000 0 eng u |
| 035 ## - SYSTEM CONTROL NUMBER | |
| System control number | (Sirsi) u117242 |
| 245 ## - TITLE STATEMENT | |
| Title | Dispute over EU income claims |
| 260 ## - PUBLICATION, DISTRIBUTION, ETC. | |
| Date of publication, distribution, etc. | 2002 |
| 490 ## - SERIES STATEMENT | |
| Series statement | Farmers' Weekly |
| Volume/sequential designation | 22 March 2002, 29(1) |
| 520 ## - SUMMARY, ETC. | |
| Summary, etc. | Report from EU commission disputes the claim that farm incomes will improve significantly in central and eastern Europe following accession to the EU. Incomes would increase by 30% by 2007 due to intervention support and export subsidies. For Europe report: http://europa.eu.int/comm/agriculture/publi/reports/ceecimpact/index_en.htm |
| 590 ## - LOCAL NOTE (RLIN) | |
| Local note | WB |
| 650 ## - SUBJECT ADDED ENTRY--TOPICAL TERM | |
| Topical term or geographic name entry element | EUROPEAN UNION |
| 650 ## - SUBJECT ADDED ENTRY--TOPICAL TERM | |
| Topical term or geographic name entry element | EU ENLARGEMENT |
| 650 ## - SUBJECT ADDED ENTRY--TOPICAL TERM | |
| Topical term or geographic name entry element | EU INCOME |
| 650 ## - SUBJECT ADDED ENTRY--TOPICAL TERM | |
| Topical term or geographic name entry element | AGRICULTURAL MARKETS |
| 650 ## - SUBJECT ADDED ENTRY--TOPICAL TERM | |
| Topical term or geographic name entry element | AGRICULTURAL INCOMES |
| 650 ## - SUBJECT ADDED ENTRY--TOPICAL TERM | |
| Topical term or geographic name entry element | FARM INCOMES |
| 690 ## - LOCAL SUBJECT ADDED ENTRY--TOPICAL TERM (OCLC, RLIN) | |
| Topical term or geographic name as entry element | EUROPE |
| 942 ## - ADDED ENTRY ELEMENTS (KOHA) | |
| Suppress in OPAC | 0 |
| Withdrawn status | Lost status | Source of classification or shelving scheme | Damaged status | Not for loan | Home library | Current library | Shelving location | Date acquired | Total Checkouts | Full call number | Barcode | Date last seen | Copy number | Price effective from | Koha item type |
|---|---|---|---|---|---|---|---|---|---|---|---|---|---|---|---|
| Dewey Decimal Classification | London | London | News article | 26/03/2002 | WB3812-12 | 117242-1001 | 06/08/2019 | 1 | 06/08/2019 | News article |